| 000 | 01501nam a2200385 i 4500 | ||
|---|---|---|---|
| 003 | EG-GICUC | ||
| 005 | 20260412100141.0 | ||
| 008 | 260412s1960 ne ||fr|||| 000 0 eng d | ||
| 040 |
_aEG-GiCUC _beng _cEG-GiCUC _dEG-GiCUC _erda |
||
| 041 | _aeng | ||
| 082 | 0 | 4 |
_221 _a341.48 _bPI . G |
| 092 | 0 | 4 | _221 |
| 099 | _aLaw1 11 341.48 PI . G 1960 | ||
| 100 | 1 |
_aPictет, Jean S _eAuthor. |
|
| 245 | 1 | 0 |
_aGeneva Convention : _bFor The Amelioration Of The Condition Of Wounded, Sick And Shipwrecked Members Of Armed Forces At Sea / _cBy Jean S. Pictет; With The Co-operation Of Rear-admiral M. W. Mouton, And Frédéric Siordet, Claude Pilloud, |
| 264 | 1 |
_aGeneva : _bInternational Committee Of The Red Cross _c1960. |
|
| 300 |
_a848 pages : _billustrations, _c24 cm |
||
| 336 |
_2rda content _atext |
||
| 337 |
_2rda media _aComputer |
||
| 338 |
_2rda carrier _aOnline Resource |
||
| 490 |
_aCommentary _vII |
||
| 504 | _aIncludes bibliographical references. | ||
| 504 | _aBibliography: pages 317-320. | ||
| 546 | _aText in English | ||
| 650 | 1 | 4 | _aPublic international law |
| 700 | 1 |
_aMouton, Rear-admiral M. W _eContributor |
|
| 700 | 1 |
_aPilloud, Claude _eContributor |
|
| 700 | 1 |
_aSiordet, Frédéric _eContributor |
|
| 700 | 1 |
_aUhler, Oscar M. _eContributor |
|
| 700 | 1 |
_aWilhelm, René-jean _eContributor |
|
| 700 | 1 |
_aSchoenholze, Jean-pierre _eContributor |
|
| 856 | 4 | 0 | _uhttps://fll.law.cu.edu.eg/fulltext/bks/B11-08887.pdf |
| 905 | _a48 | ||
| 942 |
_2ddc _cBK _e21 _n0 |
||
| 999 |
_c70160 _d70160 |
||